Raně křesťanské a byzantské umění

Podrobná bibliografia
Hlavný autor: Lassus, Jean (Autor)
Ďalší autori: Benda, Klement, 1935-1988 (Prekladateľ)
Médium: Kniha
Jazyk:čeština
angličtina
Fyzický popis:196 s. ilustr. 30 cm
Vydavateľské údaje: Praha Artia 1971
Edícia:Umění světa
Predmet:

MARC

LEADER 00000cam a2200000 a 4500
001 vtls008456988
003 SK-MaSNL
005 20260302074921.0
008 250414s1971 xr oa f n 001 0 cze
015 |a SNBA1971 
035 |a SAVUKc030786 
035 |a urn:nbn:sk:snk-aml5pr 
035 |a urn:nbn:sk:snk-am008vpw 
035 |a 3171E01B-794E-4CBA-8A46-BFC2B4A10769 
040 |a SNK  |b slo  |c SNK  |e AACR2 
041 1 |a cze  |h eng 
044 |a xr  |c CZ 
072 7 |a 7.01/.09  |x Umenie  |2 konspekt 
080 |a 7.032/.038:27  |2 2001 
080 |a 7.033.2  |2 2001 
080 |a 27-9"00"  |2 2001 
080 |a (084.11)  |2 2001 
100 1 |a Lassus, Jean  |4 aut  |9 715970 
240 1 0 |a Landmarks of de world's art  |l Česky 
245 1 0 |a Raně křesťanské a byzantské umění  |c Jean Lassus ; [z anglického vydání přeložil Klement Benda] 
260 |a Praha  |b Artia  |c 1971 
300 |a 196 s.  |b ilustr.  |c 30 cm 
490 1 |a Umění světa 
504 |a Bibliogr. odkazy ; chronologický prehľad, terminologický ; reg. 
650 0 7 |a kresťanské umenie  |2 SNKPH  |9 1061 
650 0 7 |a byzantské umenie  |2 SNKPH  |9 2872 
650 0 7 |a rané kresťanstvo  |2 SNKPH  |9 66823 
655 7 |a obrazové publikácie  |2 SNKPH  |9 70343 
700 1 |a Benda, Klement,  |d 1935-1988  |4 trl  |9 182296 
830 0 |a Umění světa  |9 407637 
852 |a Slovenská národná knižnica 
954 |a obrazové publikácie zamerané na výtv. umenie a fotografiu cudzojazyčné (svetové)  |2 lita 
958 |a NB 
958 |a CZ 
958 |a OND 
958 |a EUIPO 
968 |a ČES  |b ENG 
999 |c 1167066  |d 1168996 
952 |a SNK  |b SNK  |y PREZ  |7 0  |p 17A0890572  |o snkSB 17632  |i snkKIP 10785/71  |0 0  |1 0  |4 0  |d 2015-01-30  |f 1  |l 0  |r 2025-03-19 00:00:00  |w 2026-02-24 
952 |a SNK  |b SNK  |y VYP  |7 0  |p 17A1152095  |o snkSB 17632 D1  |i snkKIP 10786/71  |0 0  |1 0  |4 0  |d 2015-01-30  |l 0  |r 2026-02-24 20:52:01  |w 2026-02-24